Když mu říkám ne píseň a fox /

Main Author: Nikodem, Bedřich, 1909-1970
Other Authors: Adam, Adam, 1909-1997
Language: Czech
Published: Praha : Urbánek, 1942
Physical Description: 1 sv. (nestránkován)
Musical Score Musical Score
Saved in:
LEADER 00780ncm a22002292a 4500
001 000591455
003 CZ BrMZK
005 20110201093410.0
007 qu
008 020321s1942 xr f cze d
040 |a BOA001  |b cze  |c BOA001 
072 7 |a 784  |x Vokální hudba  |2 Konspekt  |9 9 
100 1 |a Nikodem, Bedřich,  |d 1909-1970  |7 jk01090195  |4 cmp 
245 1 0 |a Když mu říkám ne  |h [hudebnina] :  |b píseň a fox /  |c Bedřich Nikodem ; slova Adam Adam 
260 |a Praha :  |b Urbánek,  |c 1942 
300 |a 1 sv. (nestránkován) 
500 |a Jednohl. zpěv 
700 1 |a Adam, Adam,  |d 1909-1997  |7 jo2010565041  |4 lyr 
910 |a BOA001  |b Mus1-0588.194 
990 |a MU 
991 |b 200910 
996 6 |b 2619728476  |c Mus1-0588.194  |l MZK  |r Sklad / do 1 hodiny  |n 1  |w 000591455  |u 000010  |a 1  |e BOA001  |j MZK50  |s P